书目信息 |
| 题名: |
力学
|
|
| 作者: | 王楚 , 王楚 编 | |
| 分册: | ||
| 出版信息: | 北京 北京大学出版社 1999.09 |
|
| 页数: | 257页 | |
| 开本: | 23cm | |
| 丛书名: | 面向21世纪课程教材 | |
| 单 册: | ||
| 中图分类: | O3 | |
| 科图分类: | ||
| 主题词: | 力学--li xue--高等学校--教材 | |
| 电子资源: | ||
| ISBN: | 7-301-04289-2 | |
| 000 | 00917nam 2200313 450 | |
| 001 | CAL 012000500454 | |
| 005 | 20050610085805.8 | |
| 010 | @a7-301-04289-2@d24.50CNY | |
| 099 | @aCAL 012000500454 | |
| 100 | @a19991010d1999 fkmy0chiy0120 ea | |
| 101 | 0 | @achi |
| 102 | @aCN@b110000 | |
| 105 | @aa z 000yy | |
| 200 | 1 | @a力学@Ali xue@f王楚等编@Fwang chu deng bian |
| 210 | @a北京@c北京大学出版社@d1999.09 | |
| 215 | @a257页@c图@d23cm | |
| 225 | 2 | @a面向21世纪课程教材@Amian xiang21 shi ji ke cheng jiao cai@i基础物理教程 |
| 300 | @a有附录。 | |
| 410 | 0 | @12001 @a面向21世纪课程教材 |
| 410 | 0 | @12001 @a基础物理教程 |
| 606 | 0 | @a力学@Ali xue@x高等学校@j教材 |
| 690 | @aO3@v4 | |
| 701 | 0 | @a王楚@Awang chu@4编 |
| 701 | 0 | @a王楚@Awang chu@4编 |
| 801 | 0 | @aCN@bJLU@c19991020 |
| 801 | 0 | @aCN@bNLC@c19991015 |
| 801 | 2 | @aCN@bWUL@c20001025 |
| 905 | @a10447@dO3@eW138 | |
| 906 | @dCNY24.50@n0@r1 | |
| 力学/王楚等编.-北京:北京大学出版社,1999.09 |
| 257页:图;23cm.-(面向21世纪课程教材.基础物理教程) |
| 有附录。 |
| ISBN 7-301-04289-2:24.50CNY |
| ● |
| 相关链接 |
|
|
|
正题名:力学
索取号:O3/W138
 
预约/预借
| 序号 | 登录号 | 条形码 | 馆藏地/架位号 | 状态 | 备注 |
| 1 | 551338 | 205513381 | 自科库401/401自科库 50排5列3层/ [索取号:O3/W138] | 在馆 | |
| 2 | 551339 | 205513390 | 自科库401/401自科库 50排5列3层/ [索取号:O3/W138] | 在馆 | |
| 3 | 551340 | 205513407 | 自科库401/401自科库 50排5列3层/ [索取号:O3/W138] | 在馆 |